000 00228nam a22000857a 4500
008 160708b xxu||||| |||| 00| 0 eng d
100 _92476
_aSarna C.S
245 _aSecondary Mathematics-X
260 _aNew Delhi
_bArya Publication
_c2010
999 _c2143
_d2143